Statistiques concernant Anagrammes aléatoires de capitales

Cliquez ici pour prendre le quiz!

Statistiques générales

  • Ce quiz a été pris 28 411 fois
  • Le résultat moyen est 10 sur 20

Statistiques - réponses

Capitale% Correct
Kiev
94%
Oslo
91%
Tokyo
91%
Rome
89%
Doha
86%
Pékin
86%
Lima
85%
Dakar
81%
Paris
79%
Bagdad
78%
Bogotá
78%
Koweït
78%
Riga
78%
Ottawa
76%
Minsk
75%
Moscou
74%
Panama
73%
Zagreb
73%
Bruxelles
72%
Sofia
72%
Berne
71%
Jakarta
70%
Reykjavik
70%
Tunis
70%
Vilnius
69%
Stockholm
68%
Bangkok
67%
Dacca
67%
Dili
67%
Djibouti
67%
Hanoï
67%
Bratislava
66%
Luxembourg
66%
Quito
66%
Lomé
65%
Malé
65%
Monaco
65%
Ouagadougou
65%
Rabat
65%
Varsovie
65%
Ankara
64%
Damas
64%
Helsinki
64%
Mexico
64%
Vienne
64%
Berlin
63%
Madrid
63%
Riyad
63%
Sarajevo
63%
Séoul
63%
Vaduz
63%
Jérusalem
62%
Vatican
61%
Accra
60%
Sanaa
60%
Caracas
59%
Tbilissi
59%
Bamako
58%
Dublin
58%
Skopje
58%
Suva
58%
Amman
57%
Apia
57%
Manama
57%
Athènes
56%
Bakou
55%
Budapest
55%
Ljubljana
55%
Amsterdam
54%
Pyongyang
54%
Alger
53%
Washington
53%
Tripoli
52%
Antananarivo
48%
Beyrouth
48%
Chișinău
48%
Copenhague
48%
Phnom Penh
48%
Tallinn
48%
Astana
47%
Erevan
47%
Prague
47%
Yamoussoukro
47%
Abuja
46%
Islamabad
45%
Kaboul
45%
Téhéran
44%
Yaoundé
44%
Belgrade
43%
Kigali
43%
Wellington
43%
Lisbonne
42%
Guatemala
41%
Kinshasa
41%
Mogadiscio
41%
Nairobi
41%
Podgorica
41%
Taipei
41%
Dodoma
40%
Katmandou
40%
Libreville
40%
Brazzaville
39%
Maputo
39%
Tachkent
39%
Tirana
39%
Bichkek
38%
Naypyidaw
38%
Bissau
37%
Singapour
37%
Tegucigalpa
37%
Kampala
36%
Asmara
35%
Asunción
35%
Georgetown
35%
Khartoum
35%
Montevideo
35%
Windhoek
35%
Harare
34%
Kingston
34%
Achgabat
33%
Bucarest
33%
Nassau
33%
Nicosie
33%
Canberra
32%
Kingstown
32%
Managua
32%
Manille
32%
Ndjamena
32%
Praia
32%
Pristina
32%
Brasilia
31%
Niamey
31%
Funafuti
30%
Nouakchott
30%
Paramaribo
29%
Banjul
28%
Djouba
28%
Londres
28%
Moroni
28%
Tarawa
28%
Vientiane
28%
Belmopan
27%
Luanda
27%
Conakry
26%
Malabo
26%
Thimphou
26%
Bangui
25%
Gitega
25%
Lilongwe
25%
Mascate
25%
Mbabane
25%
Douchanbé
24%
Nukuʻalofa
24%
Majuro
22%
Yaren
22%
Bridgetown
21%
Freetown
21%
Maseru
21%
Monrovia
21%
Santiago
21%
Lusaka
20%
Palikir
20%
Victoria
20%
Honiara
19%
Ngerulmud
18%
Gaborone
17%
Roseau
17%
Basseterre
14%
Castries
10%

Distribution des résultats

Percentile par nombre de réponses

% des personnes avec chaque résultat

Votre développement - résultats

Vous n’avez pas pris ce quiz